Southville International School and Colleges
Your cart is empty.
  • Cart
  • Lists
    Public lists Eva Luna New books Lux_list list_1
    Your lists Log in to create your own lists
  • Log in to your account
  • Your cookies
  • Search history
Southville International School and Colleges
  • Advanced search
  • Recent comments
  • Most popular
  • Libraries

Log in to your account

Log in with GOOGLE


If you do not have an external account, but do have a local account, you can still log in:

  1. Home
  2. MARC view: Counting Six to ten /
Normal view MARC view ISBD view

Counting Six to ten / (Record no. 105204)

[ view plain ]
MARC details
000 -LEADER
fixed length control field 00448nam a2200169 a 4500
005 - DATE AND TIME OF LATEST TRANSACTION
control field 20140412111346.0
008 - FIXED-LENGTH DATA ELEMENTS--GENERAL INFORMATION
fixed length control field 041013s19uu xx 00 eng d
020 ## - INTERNATIONAL STANDARD BOOK NUMBER
International Standard Book Number 1-55924-247-7
050 ## - LIBRARY OF CONGRESS CALL NUMBER
Classification number BB E
Item number Co63 1990
100 ## - MAIN ENTRY--PERSONAL NAME
Personal name Jacobs, Leland
245 ## - TITLE STATEMENT
Title Counting Six to ten /
Statement of responsibility, etc Leland Jacobs.
260 ## - PUBLICATION, DISTRIBUTION, ETC. (IMPRINT)
Place of publication, distribution, etc Texas :
Name of publisher, distributor, etc DLM Teaching Resources,
Date of publication, distribution, etc 1990.
300 ## - PHYSICAL DESCRIPTION
Extent 22
440 ## - SERIES STATEMENT/ADDED ENTRY--TITLE
Title Numbers in Rhyme
650 ## - SUBJECT ADDED ENTRY--TOPICAL TERM
Topical term or geographic name as entry element Number in Rhyme
Holdings
Withdrawn status Lost status Damaged status Home library Current library Shelving location Date acquired Source of acquisition Total Checkouts Full call number Barcode Date last seen Price effective from Koha item type
      Elizalde Library Elizalde Library Big Books Section 10/13/2004     BB E Co63 1990 E9613 04/12/2014 04/12/2014 Books

Counting Six to ten /

APA

Jacobs L., . (1990). Counting Six to ten. Texas: DLM Teaching Resources.

Chicago

Jacobs Leland, . 1990. Counting Six to ten. Texas: DLM Teaching Resources.

Harvard

Jacobs L., . (1990). Counting Six to ten. Texas: DLM Teaching Resources.

MLA

Jacobs Leland, . Counting Six to ten. Texas: DLM Teaching Resources. 1990.

  • Place hold
  • Print
  • Cite
  • Add to your cart (remove)
  • Save record
    BIBTEX Dublin Core MARCXML MARC (non-Unicode/MARC-8) MARC (Unicode/UTF-8) MARC (Unicode/UTF-8, Standard) MODS (XML) RIS
  • More searches
    Search for this title in:
    Other Libraries (WorldCat) Other Databases (Google Scholar) Online Stores (Bookfinder.com) Open Library (openlibrary.org)

Exporting to Dublin Core...

SOUTHVILLE LIBRARY

Southville International School and Colleges Library

1281 Tropical Ave. Cor. Luxembourg St., BF Homes International, Las Pinas City

Tel. No. 8256374 / 252358 Loc. 117/146

Powered by Koha